书目信息 |
| 题名: |
土地与景观
|
|
| 作者: | 赵羿 著 | |
| 分册: | ||
| 出版信息: | 北京 科学出版社 2005 |
|
| 页数: | 370页 | |
| 开本: | 26cm | |
| 丛书名: | ||
| 单 册: | ||
| 中图分类: | F301 , P901 | |
| 科图分类: | ||
| 主题词: | 土地--研究 , 景观学--研究 , 土地 , 景观学 | |
| 电子资源: | ||
| ISBN: | 7-03-016397-4 | |
| 000 | 01020nam0 2200301 450 | |
| 001 | 003119846 | |
| 005 | 20070805081429.84 | |
| 010 | @a7-03-016397-4@dCNY58.00 | |
| 035 | @a003119846 | |
| 100 | @a20060119d2005 em y0chiy0110 ea | |
| 101 | 0 | @achi |
| 102 | @aCN@b110000 | |
| 105 | @aa z 000yy | |
| 106 | @ar | |
| 200 | 1 | @a土地与景观@Atu di yu jing guan@e理论基础·评价·规划@Eli lun ji chu· ping jia· gui hua@f赵羿[等]著@Fzhao yi [ deng ] zhu |
| 210 | @a北京@c科学出版社@d2005 | |
| 215 | @a370页@c图@d26cm | |
| 304 | @a著者还有:胡远满、曹宇、胡志斌 | |
| 330 | @a本书共8章,前5章系统的论述了土地利用、土地利用适宜性、土地利用/覆盖变化与全球环境变化等方面的基本概念、基本理论及评价方法;后3章阐述景观方面的理论和实际问题,包括景观的健康和保健、景观评价和景观生态规划等内容。 | |
| 606 | 0 | @a土地@x研究 |
| 606 | 0 | @a景观学@x研究 |
| 606 | 0 | @a土地 |
| 606 | 0 | @a景观学 |
| 690 | @aF301@v4 | |
| 690 | @aP901@v4 | |
| 701 | 0 | @a赵羿@Azhao yi@4著 |
| 801 | 0 | @aCN@bNLC@c20070805 |
| 905 | @dF301@e23@f4 | |
| 土地与景观:理论基础·评价·规划/赵羿[等]著.-北京:科学出版社,2005 |
| 370页:图;26cm |
| ISBN 7-03-016397-4:CNY58.00 |
| 本书共8章,前5章系统的论述了土地利用、土地利用适宜性、土地利用/覆盖变化与全球环境变化等方面的基本概念、基本理论及评价方法;后3章阐述景观方面的理论和实际问题,包括景观的健康和保健、景观评价和景观生态规划等内容。 |
| ● |
| 相关链接 |
|
|
|
|
正题名:土地与景观
索取号:F301/23
 
预约/预借
| 序号 | 登录号 | 条形码 | 馆藏地/架位号 | 状态 | 备注 |
| 1 | 0851586 | 208515864 | 第一样本阅览室/ [索取号:F301/23] | 在馆 | |
| 2 | 0851587 | 208515873 | 第一借阅区/ [索取号:F301/23] | 在馆 | |
| 3 | 0851588 | 208515882 | 第一借阅区/ [索取号:F301/23] | 在馆 | |
| 4 | 0851589 | 208515891 | 第一借阅区/ [索取号:F301/23] | 在馆 |